Bienvenue à la Médiathèque de Saint-Andiol
banniere
Accueil Recherche avancée Mon compte
handi1 Rechercher dans le catalogue

Filtre   Mots-clés
  Recherche avancée
 
Lister les dernières nouveautés
 
Lister les livres GROS CARACTERES
 
Lister les périodiques (magazines)

handi1 Blues du troglodyte (Le)

<< Retourner aux résultats de la recherche
Book Cover
Auteur principal : Kenneth Cook
Autres auteurs : Mireille Vignol
Titre : Blues du troglodyte (Le)
Support : Livres
Langue : Francais
Genre : Roman
Sujets :
Étiquettes :
Pas de tags
LEADER 00939nam0a2200205 450
001 16867035
010 |a 978-2-7467-3433-3  |b br.  |d 19 € 
100 |a 20150321d2015 u u0frey01 ba 
101 1 |a fre  |c fre 
102 |a FR 
200 0 |a Blues du troglodyte (Le)  |f Kenneth Cook  |g traduit de l'anglais (Australie) par Mireille Vignol 
207 1 |a   
215 |a 1 vol. (294 p.)  |d 21 x 14 cm 
330 |a Simon Crown, 35 ans, divorcé, alcoolique et au bord de la faillite, vit dans une maison troglodyte de l'arrière-pays australien. Lorsqu'un homme d'affaire véreux lui propose une affaire pour éviter la banqueroute, il accepte et ouvre la voie à une série de mésaventures. 
606 0 |a Littérature australienne 
700 0 |a Cook  |b Kenneth  |f 1929-1987  |4 70 
702 0 |a Vignol  |b Mireille  |4 730 
900 |a Roman 
901 |a Adultes 
995 |a Médiathèque  |c Médiathèque  |f 00156008756835  |h 00156008756835  |k R COO  |o p  |q a  |r az  |e Médiathèque